000 00489nam a2200193Ia 4500
003 GCL
008 140319s9999 xx 000 0 aRus d
040 _aGCL /
_cGCL
082 0 4 _a863
_bD I
100 1 _aDIOSDADO, ANA
245 1 0 _aIQUAL QUE AQUEL PRINCIPE /
_cDIOSDADO, ANA
260 _a[S.N] :
_bEDICTIONES TEMAS DE HOY ،
_c1994
300 _a210
650 0 4 _aLITERATURE
650 0 4 _aFICTION
650 0 4 _aSPANISH LITERATURE
650 0 4 _aSPANISH FICTION
942 _2ddc
_cBK
999 _c12828
_d12828